Agrupacin̤ de acciones para ciertos derechos de la minora̕ en la sociedad ann̤ima

Detalles Bibliográficos
Autor principal: Sǹchez Linde, Mario
Formato: Desconocido
Lenguaje:español
Publicado: Barcelona: Jose Maria Bosch, 2004
Materias:
Acceso en línea:Acceso restringido

MARC

LEADER 00000ny a22000003n 4500
005 20110524152433.0
008 050330t2004 sp 000 0 spa c
017 |a D.L. B.39153-2004 
020 |a 8476987137 
035 |a 476 
040 |a NoBUC  |d vLex 
040 |a UMA.RE  |d vLex 
080 |a 347.725(460)(0.034) 
090 |c 242  |d 242 
100 1 |a Sǹchez Linde, Mario 
245 1 0 |a Agrupacin̤ de acciones para ciertos derechos de la minora̕ en la sociedad ann̤ima  |h [Recurso electrn̤ico]  |c Mario Sǹchez Linde 
256 |a Servicio en ln̕ea 
260 |a Barcelona:  |b Jose Maria Bosch,  |c 2004 
300 |a 130 p. ;  |c 22 cm 
504 |a Bibliografa̕ 
506 1 |a Contenido solo disponible en los productos indicados  |d vLex Global  |d vLex Global (Academic Edition, excluding Law Schools)  |d vLex Global (U.S. Academic Edition, Law Schools)  |d vLex Global (U.S. Academic Edition, excluding Law Schools)  |d vLex Global (Academic Edition, Law Schools) 
650 0 7 |a Societario  |2 Tesauro vLex 
650 0 7 |a Sociedades  |2 Tesauro vLex 
650 0 7 |a Sociedad ann̤ima  |2 Tesauro vLex 
650 0 7 |a Accin̤ societaria  |2 Tesauro vLex 
650 0 7 |a Derecho de sociedades  |2 Tesauro vLex 
650 0 7 |a Acciones  |2 Tesauro vLex 
650 0 7 |a Sociedades mercantiles  |2 Tesauro vLex 
740 0 |a vLex Libros (Servicios en ln̕ea) 
856 4 0 |u http://vlex.com/source/476  |z Acceso restringido 
942 |c BOOK 
999 0 |a Corporations  |b Spain